[Event "Rewal op-A 18th"]
[Site "Rewal"]
[Date "2013.08.28"]
[Round "8"]
[White "Harazinska, Ewa"]
[Black "Smola, Michal"]
[Result "1-0"]
[WhiteElo "2041"]
[BlackElo "2160"]
[PlyCount "81"]
[EventDate "2013.08.20"]
[EventType "swiss"]
[EventRounds "9"]
[EventCountry "POL"]
[SourceTitle "CBM 156 Extra"]
[Source "ChessBase"]
[SourceDate "2013.10.22"]
[SourceVersion "1"]
[SourceVersionDate "2013.10.22"]
[SourceQuality "1"]

1. d4 b6 2. c4 Bb7 3. Nc3 Nf6 4. f3 e6 5. e4 d6 6. Bd3 Be7 7. Nge2 0-0 8. 0-0 e5 9. Be3 c6 10. Ng3 Na6 11. Qd2 exd4 12. Bxd4 Nc5 13. Rfd1 Bc8 14. Bc2 Be6 15. Qe2 a5 16. h3 Qc7 17. f4 Rad8 18. Rd2 Ne8 19. Rad1 Bf6 20. Be3 Bc8 21. Nh5 Be7 22. Ng3 Bh4 23. Bf2 Ba6 24. e5 g6 25. b3 Ng7 26. exd6 Qd7 27. Nge4 Bxf2+ 28. Qxf2 Nxe4 29. Nxe4 f5 30. Ng5 c5 31. Nf3 Ne6 32. Ne5 Qb7 33. Re1 Nd4 34. d7 b5 35. Rxd4 cxd4 36. c5 b4 37. Qxd4 Bb5 38. Bd3 Bxd3 39. Qxd3 Rf6 40. Kh2 Kg7 41. Qd4 1-0

[Event "Rewal op-A 16th"]
[Site "Rewal"]
[Date "2011.08.27"]
[Round "8"]
[White "Smola, Michal"]
[Black "Reza, Wojciech"]
[Result "1/2-1/2"]
[WhiteElo "2187"]
[BlackElo "2026"]
[PlyCount "63"]
[EventDate "2011.08.19"]
[EventType "swiss"]
[EventRounds "9"]
[EventCountry "POL"]
[SourceTitle "CBM 144 Extra"]
[Source "ChessBase"]
[SourceDate "2011.10.28"]
[SourceVersion "1"]
[SourceVersionDate "2011.10.28"]
[SourceQuality "1"]

1. e4 c5 2. Nf3 Nc6 3. Bb5 g6 4. Bxc6 bxc6 5. 0-0 Bg7 6. Re1 e5 7. c3 Qb6 8. Na3 Ba6 9. d3 d6 10. Rb1 Nh6 11. b4 cxb4 12. cxb4 0-0 13. h3 f6 14. Be3 Qc7 15. Qb3+ Nf7 16. Rec1 Qd7 17. Nc4 Rab8 18. Qa4 Bb5 19. Qa5 d5 20. exd5 cxd5 21. Nb2 d4 22. Bd2 Bc6 23. Ne1 Rb5 24. Qa6 Rb6 25. Qa3 Nd6 26. Nc4 Nxc4 27. Rxc4 Bd5 28. Rc5 Rfb8 29. Rbc1 R8b7 30. Qa5 Be6 31. Rc8+ Kf7 32. a4 1/2-1/2

[Event "Rewal op-A 16th"]
[Site "Rewal"]
[Date "2011.08.20"]
[Round "2"]
[White "Motyl, Tomasz"]
[Black "Smola, Michal"]
[Result "1-0"]
[WhiteElo "2027"]
[BlackElo "2187"]
[PlyCount "119"]
[EventDate "2011.08.19"]
[EventType "swiss"]
[EventRounds "9"]
[EventCountry "POL"]
[SourceTitle "CBM 144 Extra"]
[Source "ChessBase"]
[SourceDate "2011.10.28"]
[SourceVersion "1"]
[SourceVersionDate "2011.10.28"]
[SourceQuality "1"]

1. g3 Nf6 2. Bg2 g6 3. e4 d6 4. d4 Bg7 5. Nc3 0-0 6. Bg5 Nbd7 7. Nf3 c5 8. 0-0 cxd4 9. Nxd4 a6 10. Qe2 Qa5 11. Nf3 Rb8 12. Rfe1 Re8 13. e5 dxe5 14. Nxe5 Nxe5 15. Qxe5 Qxe5 16. Rxe5 Bf5 17. Rae1 Kf8 18. Bf4 Rbc8 19. Bxb7 Rb8 20. Bc6 Rec8 21. Rxf5 gxf5 22. Bxb8 Rxb8 23. Ba4 Ne4 24. Nxe4 fxe4 25. b3 Rc8 26. c4 Rd8 27. Rxe4 Rd2 28. c5 Bd4 29. c6 Bxf2+ 30. Kf1 Bb6 31. Rb4 Ba5 32. Rb8+ Kg7 33. b4 Bc7 34. Rb7 Rxa2 35. Bd1 Ra1 36. Ke2 Be5 37. Bc2 Ra3 38. Rxe7 Kf6 39. Ra7 Rc3 40. Ba4 Kf5 41. Rxa6 Ke4 42. b5 h5 43. b6 h4 44. Ra8 Re3+ 45. Kd2 Rd3+ 46. Kc2 Rc3+ 47. Kb1 hxg3 48. hxg3 Rc4 49. b7 Rb4+ 50. Kc2 Bxg3 51. Bb3 Rb6 52. Rc8 Be5 53. Bxf7 Rb2+ 54. Kc1 Kd3 55. Rd8+ Kc3 56. Rd5 Bf4+ 57. Kd1 Rf2 58. Rc5+ Kd3 59. Bg6+ Ke3 60. c7 1-0

[Event "POL-chT 2st League"]
[Site "Mrzezyno"]
[Date "2010.09.08"]
[Round "5.69"]
[White "Maciaga, Marcin"]
[Black "Smola, Michal"]
[Result "1/2-1/2"]
[WhiteElo "2207"]
[BlackElo "2210"]
[PlyCount "128"]
[EventDate "2010.09.04"]
[EventType "team-swiss"]
[EventRounds "9"]
[EventCountry "POL"]
[SourceTitle "EXT 2019"]
[Source "ChessBase"]
[SourceDate "2018.10.10"]
[SourceVersion "1"]
[SourceVersionDate "2018.10.10"]
[SourceQuality "1"]
[WhiteTeam "Zielonka Zieloni"]
[BlackTeam "Czarna LKSz GCKiP"]
[WhiteTeamCountry "POL"]
[BlackTeamCountry "POL"]

1. e4 c5 2. Nf3 d6 3. Bb5+ Bd7 4. Bxd7+ Qxd7 5. c4 Nc6 6. Nc3 e6 7. 0-0 Nf6 8. d4 cxd4 9. Nxd4 Be7 10. Be3 Rc8 11. b3 a6 12. a4 Qc7 13. f3 0-0 14. Qd2 Kh8 15. Rfd1 Rfd8 16. Nde2 Qa5 17. Rac1 Nb4 18. Nf4 Nc6 19. Na2 Nd7 20. Nc3 Nc5 21. Rb1 Bf6 22. Nfe2 Qc7 23. b4 Nd7 24. Qxd6 Qxd6 25. Rxd6 Be7 26. Rxc6 Rxc6 27. c5 a5 28. Nd4 Rcc8 29. c6 axb4 30. Ncb5 bxc6 31. Na7 Bc5 32. Nxc8 Rxc8 33. Nc2 Bxe3+ 34. Nxe3 c5 35. Nc4 f6 36. f4 g5 37. Rd1 Nb8 38. fxg5 fxg5 39. Rd6 Nc6 40. a5 b3 41. a6 Nd4 42. Rb6 Ra8 43. Kf2 Nc2 44. Nd2 b2 45. Rxb2 Nb4 46. Kg3 Rxa6 47. Kg4 h6 48. Kh5 Kg7 49. Nc4 Ra2 50. Rxa2 Nxa2 51. h4 gxh4 52. Kxh4 Nc3 53. e5 Kg6 54. Kg4 Nd5 55. Nd6 Ne3+ 56. Kf3 Nf5 57. Ne4 c4 58. Nc5 Kf7 59. g4 Nd4+ 60. Ke4 Nc6 61. Na4 Kg6 62. Nc5 Kf7 63. Na4 Kg6 64. Nc5 Kf7 1/2-1/2

[Event "Wch U20 49th"]
[Site "Chotowa"]
[Date "2010.08.13"]
[Round "10"]
[White "Smola, Michal"]
[Black "Fernandez, Daniel Howard"]
[Result "0-1"]
[WhiteElo "2220"]
[BlackElo "2401"]
[PlyCount "130"]
[EventDate "2010.08.03"]
[EventType "swiss"]
[EventRounds "13"]
[EventCountry "POL"]
[SourceTitle "CBM 137 Extra"]
[Source "ChessBase"]
[SourceDate "2010.09.01"]
[SourceVersion "1"]
[SourceVersionDate "2010.09.01"]
[SourceQuality "1"]

1. e4 g6 2. d4 Bg7 3. Nc3 a6 4. a4 d6 5. Bc4 e6 6. f4 Ne7 7. Nf3 d5 8. Bb3 dxe4 9. Nxe4 Nf5 10. c3 Nc6 11. 0-0 0-0 12. Ne5 Nce7 13. Qe2 Nd6 14. Nxd6 cxd6 15. Nc4 d5 16. Ne5 Nf5 17. Bc2 f6 18. Nf3 Nd6 19. h4 Bd7 20. Ne1 Qe8 21. b3 e5 22. Ba3 Qe6 23. fxe5 fxe5 24. Nd3 Rxf1+ 25. Rxf1 Ne4 26. Nc5 Nxc5 27. dxc5 Bc6 28. c4 dxc4 29. bxc4 e4 30. Bc1 Bf8 31. Be3 Qe5 32. Qf2 Be7 33. Qf7+ Kh8 34. Qf2 Rd8 35. h5 Qxh5 36. Bd4+ Rxd4 37. Qxd4+ Kg8 38. Rf2 Qxc5 39. Qc3 Bh4 40. g3 Bd8 41. a5 Qxa5 42. Qd4 Qg5 43. Bxe4 Qxg3+ 44. Kf1 Qh3+ 45. Kg1 Qg4+ 46. Kf1 Qxe4 47. Qxd8+ Qe8 48. Qf6 a5 49. Rd2 Qf7 50. Rd8+ Be8 51. Qxf7+ Kxf7 52. Kf2 Bc6 53. Ke3 Ke6 54. Kf4 h6 55. Rh8 Kd6 56. Rxh6 Kc5 57. Rxg6 Kxc4 58. Ke3 Kc3 59. Rg5 a4 60. Rc5+ Kb2 61. Kd2 a3 62. Rc2+ Kb3 63. Rc3+ Kb4 64. Rc1 Ba4 65. Rc7 a2 0-1

[Event "Wch U20 49th"]
[Site "Chotowa"]
[Date "2010.08.10"]
[Round "7"]
[White "Akkozov, Berik"]
[Black "Smola, Michal"]
[Result "0-1"]
[WhiteElo "2328"]
[BlackElo "2220"]
[PlyCount "104"]
[EventDate "2010.08.03"]
[EventType "swiss"]
[EventRounds "13"]
[EventCountry "POL"]
[SourceTitle "CBM 137 Extra"]
[Source "ChessBase"]
[SourceDate "2010.09.01"]
[SourceVersion "1"]
[SourceVersionDate "2010.09.01"]
[SourceQuality "1"]

1. d4 Nf6 2. Nf3 b6 3. g3 Bb7 4. Bg2 e6 5. c4 c5 6. 0-0 cxd4 7. Qxd4 Bc5 8. Qf4 0-0 9. Nc3 d5 10. Rd1 Qe7 11. cxd5 Nxd5 12. Nxd5 Bxd5 13. Qg4 Nd7 14. Bg5 Nf6 15. Qa4 h6 16. Bxf6 Qxf6 17. e4 Bb7 18. e5 Qf5 19. g4 Qe4 20. Qxe4 Bxe4 21. Nd4 Rad8 22. Bxe4 Bxd4 23. Rd2 Bxe5 24. Rad1 Rxd2 25. Rxd2 g6 26. b3 Kg7 27. Bb7 Kf6 28. Kg2 Kg5 29. h3 h5 30. gxh5 gxh5 31. Re2 Bf4 32. Rc2 f5 33. Rc8 Rf7 34. Rg8+ Kf6 35. Bc6 Rc7 36. Bb5 Rc2 37. Kf3 Bd6 38. Bc4 Bc5 39. Rh8 h4 40. Be2 e5 41. b4 Bd4 42. Rf8+ Kg6 43. Rg8+ Kf7 44. Rd8 e4+ 45. Kg2 Rxe2 46. Rxd4 Rxa2 47. Kf1 Ke6 48. Rd8 Ke5 49. Rh8 Kf4 50. Ke1 Kf3 51. Rh5 f4 52. Rxh4 e3 0-1

[Event "Wch U20 49th"]
[Site "Chotowa"]
[Date "2010.08.09"]
[Round "6"]
[White "Smola, Michal"]
[Black "Fodor, Tamas Jr"]
[Result "1/2-1/2"]
[WhiteElo "2220"]
[BlackElo "2452"]
[PlyCount "67"]
[EventDate "2010.08.03"]
[EventType "swiss"]
[EventRounds "13"]
[EventCountry "POL"]
[SourceTitle "CBM 137 Extra"]
[Source "ChessBase"]
[SourceDate "2010.09.01"]
[SourceVersion "1"]
[SourceVersionDate "2010.09.01"]
[SourceQuality "1"]

1. e4 e6 2. d3 d5 3. Nd2 Nf6 4. Ngf3 b6 5. exd5 exd5 6. d4 Bd6 7. Bd3 0-0 8. 0-0 c5 9. c4 cxd4 10. Nxd4 Bg4 11. Be2 Bxe2 12. Qxe2 dxc4 13. Qxc4 Nbd7 14. N2f3 Rc8 15. Qd3 Nc5 16. Qf5 Nce4 17. Bg5 Nxg5 18. Qxg5 Rc5 19. Qd2 Rd5 20. Rad1 Qd7 21. Qe2 Rd8 22. Rd3 h6 23. Rfd1 Bc5 24. Ne5 Qa4 25. b3 Qa6 26. Ndc6 Re8 27. Kf1 Rxd3 28. Rxd3 Qc8 29. Nxa7 Qc7 30. Nac6 Bd6 31. f4 Bxe5 32. Nxe5 Qc1+ 33. Qd1 Qxf4+ 34. Nf3 1/2-1/2

[Event "Wch U20 49th"]
[Site "Chotowa"]
[Date "2010.08.07"]
[Round "5"]
[White "Herman, Jean"]
[Black "Smola, Michal"]
[Result "0-1"]
[WhiteElo "2094"]
[BlackElo "2220"]
[PlyCount "54"]
[EventDate "2010.08.03"]
[EventType "swiss"]
[EventRounds "13"]
[EventCountry "POL"]
[SourceTitle "CBM 137 Extra"]
[Source "ChessBase"]
[SourceDate "2010.09.01"]
[SourceVersion "1"]
[SourceVersionDate "2010.09.01"]
[SourceQuality "1"]

1. d4 b6 2. e4 Bb7 3. Bd3 e6 4. Nf3 c5 5. c3 cxd4 6. cxd4 Nf6 7. Nc3 Be7 8. 0-0 d6 9. Bd2 0-0 10. Qe2 Nbd7 11. Rfc1 e5 12. b4 exd4 13. Nxd4 Ne5 14. Ba6 Bxa6 15. Qxa6 d5 16. Bf4 Ng6 17. Bg5 dxe4 18. Nc6 Qd7 19. Nxe7+ Qxe7 20. Bxf6 gxf6 21. Nd5 Qe5 22. Nc7 Rac8 23. Qxa7 Nf4 24. Qxb6 Qg5 25. Kf1 Qxg2+ 26. Ke1 Rcd8 27. Qb5 Rd3 0-1

[Event "EU-ch U18 19th"]
[Site "Fermo"]
[Date "2009.09.08"]
[Round "8"]
[White "Smola, Michal"]
[Black "Swiercz, Dariusz"]
[Result "0-1"]
[WhiteElo "2231"]
[BlackElo "2492"]
[PlyCount "76"]
[EventDate "2009.08.31"]
[EventType "swiss"]
[EventRounds "9"]
[EventCountry "ITA"]
[SourceTitle "CBM 132 Extra"]
[Source "ChessBase"]
[SourceDate "2009.11.03"]
[SourceVersion "1"]
[SourceVersionDate "2009.11.03"]
[SourceQuality "1"]

1. e4 e6 2. d3 c5 3. Nf3 Nc6 4. g3 g6 5. Bg2 Bg7 6. 0-0 Nge7 7. Re1 d6 8. Nbd2 0-0 9. Nf1 e5 10. c3 h6 11. a3 b5 12. b4 Be6 13. Be3 cxb4 14. axb4 f5 15. Qd2 Kh7 16. Ra6 Qd7 17. Rea1 Rfc8 18. Ne1 Rc7 19. f4 Rd8 20. d4 fxe4 21. Bxe4 exd4 22. Bxd4 Nxd4 23. cxd4 d5 24. Bb1 Bg4 25. Ne3 h5 26. Qb2 Nc6 27. N1c2 Re8 28. R1a3 Re4 29. Rd3 Rc8 30. Ba2 Ne7 31. Na1 Nf5 32. Nxd5 Re1+ 33. Kf2 Rcc1 34. Qxc1 Rxc1 35. Nf6+ Bxf6 36. Rxf6 Qe8 37. Re6 Qd8 38. Ra6 Rxa1 0-1

[Event "EU-ch U18 19th"]
[Site "Fermo"]
[Date "2009.09.07"]
[Round "7"]
[White "Mammadov, Ayaz Arzu"]
[Black "Smola, Michal"]
[Result "0-1"]
[WhiteElo "2331"]
[BlackElo "2231"]
[PlyCount "80"]
[EventDate "2009.08.31"]
[EventType "swiss"]
[EventRounds "9"]
[EventCountry "ITA"]
[SourceTitle "CBM 132 Extra"]
[Source "ChessBase"]
[SourceDate "2009.11.03"]
[SourceVersion "1"]
[SourceVersionDate "2009.11.03"]
[SourceQuality "1"]

1. e4 c5 2. Nf3 Nc6 3. d4 cxd4 4. Nxd4 d5 5. Bb5 dxe4 6. Nxc6 Qxd1+ 7. Kxd1 a6 8. Ba4 Bd7 9. Nc3 Bxc6 10. Bxc6+ bxc6 11. Nxe4 e5 12. Ke2 f5 13. Nd2 Bd6 14. Nc4 Bc7 15. Rd1 Ke7 16. Bd2 Rb8 17. b3 Nf6 18. Na5 Bxa5 19. Bxa5 Rhc8 20. c4 Rb7 21. Rd3 Rd7 22. Rad1 Rxd3 23. Rxd3 f4 24. Bb4+ Ke6 25. Rd6+ Kf5 26. f3 h5 27. Bc3 g5 28. Ba5 Ne8 29. Rd7 Nf6 30. Rd6 Ne8 31. Rd7 Nf6 32. Rf7 g4 33. Be1 Kg6 34. Ra7 e4 35. fxe4 Nxe4 36. Rxa6 Nc5 37. Ra5 Re8+ 38. Kf1 Nd3 39. Bh4 g3 40. Rg5+ Kh6 0-1

[Event "EU-ch U18 19th"]
[Site "Fermo"]
[Date "2009.09.06"]
[Round "6"]
[White "Smola, Michal"]
[Black "Recuero Guerra, David"]
[Result "0-1"]
[WhiteElo "2231"]
[BlackElo "2460"]
[PlyCount "52"]
[EventDate "2009.08.31"]
[EventType "swiss"]
[EventRounds "9"]
[EventCountry "ITA"]
[SourceTitle "CBM 132 Extra"]
[Source "ChessBase"]
[SourceDate "2009.11.03"]
[SourceVersion "1"]
[SourceVersionDate "2009.11.03"]
[SourceQuality "1"]

1. e4 e5 2. Nf3 d6 3. d4 exd4 4. Nxd4 Nf6 5. Nc3 Be7 6. Be2 0-0 7. 0-0 Re8 8. f4 Bf8 9. Bf3 c5 10. Nf5 Nc6 11. Ne3 Nd4 12. Ned5 Nxd5 13. Nxd5 f5 14. Re1 Nxf3+ 15. gxf3 Re6 16. Qe2 Bd7 17. Bd2 Qh4 18. Kh1 Bc6 19. c4 Rae8 20. Qg2 Rg6 21. Qe2 fxe4 22. fxe4 Bd7 23. Rg1 Bf5 24. Nc3 Rge6 25. Rae1 Rxe4 26. Nxe4 Bxe4+ 0-1

[Event "EU-ch U18 19th"]
[Site "Fermo"]
[Date "2009.09.04"]
[Round "5"]
[White "Gkoumas, Georgios"]
[Black "Smola, Michal"]
[Result "0-1"]
[WhiteElo "2315"]
[BlackElo "2231"]
[PlyCount "102"]
[EventDate "2009.08.31"]
[EventType "swiss"]
[EventRounds "9"]
[EventCountry "ITA"]
[SourceTitle "CBM 132 Extra"]
[Source "ChessBase"]
[SourceDate "2009.11.03"]
[SourceVersion "1"]
[SourceVersionDate "2009.11.03"]
[SourceQuality "1"]

1. e4 c5 2. b3 d6 3. Bb2 Nf6 4. Nc3 g6 5. Bb5+ Nbd7 6. f4 Bg7 7. Qe2 a6 8. Bxd7+ Bxd7 9. Nf3 0-0 10. 0-0 b5 11. Rae1 Rc8 12. d3 c4 13. b4 cxd3 14. cxd3 Bg4 15. Qd2 Bh6 16. Ng5 Nh5 17. h3 Bd7 18. g4 Nxf4 19. Qxf4 f6 20. Nd5 Bxg5 21. Qf2 Be6 22. h4 Bh6 23. g5 Bg7 24. Nxe7+ Qxe7 25. gxf6 Qd7 26. Qd4 Bh3 27. e5 Qb7 28. Rf2 dxe5 29. Qe3 Rxf6 30. Qxh3 Rxf2 31. Kxf2 Rc2+ 32. Re2 Qf7+ 33. Ke1 Qf5 34. Qe3 Qf4 35. Qxf4 Rxe2+ 36. Kxe2 exf4 37. Bxg7 Kxg7 38. Kf3 Kf6 39. Kxf4 h6 40. Ke4 Ke6 41. a3 Kd6 42. Kd4 g5 43. h5 Ke6 44. Ke4 Kd6 45. Kd4 Ke6 46. Ke4 Kf6 47. d4 Ke6 48. Kd3 Kd5 49. Ke3 g4 50. Kf4 Kxd4 51. Kxg4 Ke4 0-1

[Event "POL-chT U19 1st League"]
[Site "Chotowa"]
[Date "2009.07.??"]
[Round "5"]
[White "Klekowski, Maciej"]
[Black "Smola, Michal"]
[Result "1-0"]
[WhiteElo "2292"]
[BlackElo "2231"]
[PlyCount "101"]
[EventDate "2009.07.06"]
[EventType "team-tourn"]
[EventRounds "9"]
[EventCountry "POL"]
[SourceTitle "EXT 2012"]
[Source "ChessBase"]
[SourceDate "2011.11.24"]
[SourceVersion "1"]
[SourceVersionDate "2011.11.24"]
[SourceQuality "1"]
[WhiteTeam "Czestochowa UKS Hetman U19"]
[BlackTeam "Czarna LKSz GCKiP U19"]
[WhiteTeamCountry "POL"]
[BlackTeamCountry "POL"]

1. e4 c5 2. Nf3 d6 3. d4 cxd4 4. Nxd4 Nf6 5. Nc3 Nc6 6. Bg5 e6 7. Qd2 a6 8. 0-0-0 Bd7 9. f4 h6 10. Bh4 Nxe4 11. Qe1 Nf6 12. Nf5 Qa5 13. Nxd6+ Bxd6 14. Rxd6 Qc7 15. Qd2 0-0-0 16. f5 exf5 17. Bxf6 gxf6 18. Be2 Be6 19. Rxd8+ Qxd8 20. Qxd8+ Rxd8 21. g3 Ne5 22. Rf1 Rd4 23. b3 Ng6 24. Bd3 f4 25. Ne2 Rd6 26. Nxf4 Ne5 27. Be2 Bf5 28. Nh5 Bg6 29. Nxf6 Rc6 30. c4 b5 31. Nd5 Kb8 32. Rf6 Rxf6 33. Nxf6 bxc4 34. Bxc4 Nxc4 35. bxc4 Bd3 36. Nd7+ Kc7 37. Ne5 Bf1 38. Kd2 f6 39. Ke1 Bh3 40. Nd3 Be6 41. Nb2 Kd6 42. Kd2 Ke5 43. Ke3 Bf7 44. Nd3+ Kd6 45. Kd4 a5 46. Nc5 Kc6 47. Ne4 f5 48. Nc5 h5 49. a3 h4 50. gxh4 f4 51. Nd3 1-0

[Event "POL-chT U19 1st League"]
[Site "Chotowa"]
[Date "2009.07.??"]
[Round "8"]
[White "Sabuk, Piotr"]
[Black "Smola, Michal"]
[Result "1-0"]
[WhiteElo "2216"]
[BlackElo "2231"]
[PlyCount "70"]
[EventDate "2009.07.06"]
[EventType "team-tourn"]
[EventRounds "9"]
[EventCountry "POL"]
[SourceTitle "EXT 2012"]
[Source "ChessBase"]
[SourceDate "2011.11.24"]
[SourceVersion "1"]
[SourceVersionDate "2011.11.24"]
[SourceQuality "1"]
[WhiteTeam "Legnica Miedz U19"]
[BlackTeam "Czarna LKSz GCKiP U19"]
[WhiteTeamCountry "POL"]
[BlackTeamCountry "POL"]

1. e4 c5 2. Nf3 d6 3. d4 Nf6 4. Nc3 cxd4 5. Nxd4 Nc6 6. Bg5 e6 7. Qd2 a6 8. 0-0-0 Bd7 9. f3 b5 10. Nxc6 Bxc6 11. Ne2 Qc7 12. Kb1 Nd7 13. Nd4 Bb7 14. h4 d5 15. exd5 Bxd5 16. Nf5 Nb6 17. Bd3 h6 18. Bf4 Qb7 19. Rhe1 0-0-0 20. Ne3 Qc6 21. Qa5 Kb7 22. Nxd5 exd5 23. a4 Bd6 24. Re7+ Bxe7 25. axb5 axb5 26. Bxb5 Ra8 27. Bxc6+ Kxc6 28. Qc3+ Nc4 29. Qxg7 Rhf8 30. Qxh6+ f6 31. Qh7 Ra7 32. Qf5 Ra5 33. Qe6+ Bd6 34. Bxd6 Nxd6 35. c4 Rh8 1-0

[Event "POL-ch U18"]
[Site "Chotowa"]
[Date "2009.04.02"]
[Round "8"]
[White "Smola, Michal"]
[Black "Zurkowski, Andrzej"]
[Result "1/2-1/2"]
[WhiteElo "2204"]
[BlackElo "2047"]
[PlyCount "116"]
[EventDate "2009.03.28"]
[EventType "swiss"]
[EventRounds "11"]
[EventCountry "POL"]
[SourceTitle "EXT 2011"]
[Source "ChessBase"]
[SourceDate "2010.11.26"]
[SourceVersion "1"]
[SourceVersionDate "2010.11.26"]
[SourceQuality "1"]

1. e4 d5 2. exd5 Qxd5 3. Nc3 Qd6 4. Nf3 Nf6 5. h3 c6 6. d4 Bf5 7. Be3 Nbd7 8. Qd2 Nb6 9. Ne5 e6 10. Bd3 Bxd3 11. Qxd3 Qc7 12. 0-0 Bd6 13. Rfe1 0-0 14. Ne4 Nxe4 15. Qxe4 Nd5 16. Bd2 Rad8 17. c4 Nf6 18. Qc2 c5 19. Bc3 cxd4 20. Bxd4 Bb4 21. Bc3 Bxc3 22. Qxc3 Qc5 23. Nf3 Rc8 24. Rac1 Rfd8 25. b4 Qc7 26. a4 Nd5 27. Qb3 Nf4 28. Rcd1 Rxd1 29. Rxd1 h6 30. Qc2 a5 31. c5 Nd5 32. Qd2 f5 33. Re1 Kh7 34. bxa5 Qxc5 35. Rxe6 Qc1+ 36. Qxc1 Rxc1+ 37. Kh2 Ra1 38. Re5 Nb4 39. Rxf5 Nc6 40. Rf4 Nxa5 41. Ne5 Nb3 42. Nd7 Rd1 43. Rb4 Rxd7 44. Rxb3 Rd4 45. Rxb7 Rxa4 46. Kg3 Ra3+ 47. Kg4 Ra2 48. Rf7 Kg6 49. Rf3 Rb2 50. Kh4 Kh7 51. g4 Ra2 52. Kg3 Rb2 53. h4 Rb7 54. Rc3 Ra7 55. f4 Ra1 56. Rc2 Ra3+ 57. Kg2 Ra4 58. Rf2 g5 1/2-1/2

[Event "POL-ch U18"]
[Site "Chotowa"]
[Date "2009.03.29"]
[Round "2"]
[White "Smola, Michal"]
[Black "Dudys, Jakub"]
[Result "0-1"]
[WhiteElo "2204"]
[BlackElo "2098"]
[PlyCount "74"]
[EventDate "2009.03.28"]
[EventType "swiss"]
[EventRounds "11"]
[EventCountry "POL"]
[SourceTitle "EXT 2011"]
[Source "ChessBase"]
[SourceDate "2010.11.26"]
[SourceVersion "1"]
[SourceVersionDate "2010.11.26"]
[SourceQuality "1"]

1. e4 c5 2. Nf3 e6 3. d4 cxd4 4. Nxd4 a6 5. Bd3 Nf6 6. 0-0 Qc7 7. c4 d6 8. Nc3 g6 9. b3 Bg7 10. Bb2 0-0 11. Rc1 Nbd7 12. Qe2 Nh5 13. Qe3 Ne5 14. Be2 Nf6 15. h3 b6 16. f4 Ned7 17. Bf3 Rb8 18. Ba3 Bb7 19. e5 Ne8 20. exd6 Nxd6 21. Nxe6 fxe6 22. Qxe6+ Nf7 23. Bxf8 Nxf8 24. Qe3 Nd6 25. Nd5 Bxd5 26. cxd5 Qd8 27. Bg4 Rb7 28. Rfe1 Bf6 29. Qd3 h5 30. Be6+ Kg7 31. Qxa6 Bd4+ 32. Kh1 Qh4 33. Rf1 Nxe6 34. dxe6 Re7 35. Qd3 Nf5 36. Rfe1 Qxf4 37. g3 Nxg3+ 0-1

[Event "Krakow op-A 19th"]
[Site "Krakow"]
[Date "2009.01.03"]
[Round "8"]
[White "Orzech, Dominik"]
[Black "Smola, Michal"]
[Result "1-0"]
[WhiteElo "2462"]
[BlackElo "2204"]
[PlyCount "65"]
[EventDate "2008.12.26"]
[EventType "swiss"]
[EventRounds "9"]
[EventCountry "POL"]
[SourceTitle "CBM 128 Extra"]
[Source "ChessBase"]
[SourceDate "2009.03.05"]
[SourceVersion "2"]
[SourceVersionDate "2009.03.25"]
[SourceQuality "1"]

1. d4 Nf6 2. Nf3 g6 3. c4 Bg7 4. g3 0-0 5. Bg2 d6 6. 0-0 Nbd7 7. Qc2 e5 8. Rd1 Re8 9. Nc3 c6 10. e4 a5 11. h3 Qc7 12. Be3 exd4 13. Nxd4 Nc5 14. Nb3 Nfd7 15. Rd2 Ne5 16. Nxc5 dxc5 17. b3 b6 18. f4 Nd7 19. Rad1 Nf8 20. e5 Bf5 21. Qc1 Rad8 22. g4 Rxd2 23. Qxd2 Bd7 24. Ne4 Rd8 25. Nf6+ Kh8 26. Qd6 Qxd6 27. Rxd6 Bxf6 28. Rxf6 h5 29. gxh5 Be6 30. hxg6 fxg6 31. h4 Kg8 32. h5 gxh5 33. f5 1-0

[Event "Krakow op-A 19th"]
[Site "Krakow"]
[Date "2008.12.28"]
[Round "2"]
[White "Motyka, Michal"]
[Black "Smola, Michal"]
[Result "0-1"]
[WhiteElo "2359"]
[BlackElo "2204"]
[PlyCount "106"]
[EventDate "2008.12.26"]
[EventType "swiss"]
[EventRounds "9"]
[EventCountry "POL"]
[SourceTitle "CBM 128 Extra"]
[Source "ChessBase"]
[SourceDate "2009.03.05"]
[SourceVersion "2"]
[SourceVersionDate "2009.03.25"]
[SourceQuality "1"]

1. e4 c5 2. Nc3 d6 3. g3 Nc6 4. Bg2 g6 5. d3 Bg7 6. f4 e6 7. Be3 Nge7 8. Nge2 Nd4 9. 0-0 0-0 10. Qd2 Rb8 11. Rae1 b5 12. e5 Nef5 13. Bf2 dxe5 14. fxe5 Bxe5 15. Nc1 Bg7 16. Ne4 c4 17. c3 Nc6 18. g4 Nfe7 19. Bg3 e5 20. Nf6+ Kh8 21. d4 Rb6 22. d5 Be6 23. g5 Bxf6 24. gxf6 Nxd5 25. Rd1 Nf4 26. Bxf4 exf4 27. Qxf4 Qb8 28. Qh6 Rg8 29. Rde1 Ne5 30. h3 Nd7 31. Re4 Qf8 32. Qd2 Bf5 33. Rh4 Nxf6 34. Ne2 Qd8 35. Rd4 Qc8 36. Nf4 a5 37. Qf2 Qc5 38. Rfd1 Qe5 39. Re1 Qc5 40. Red1 Re8 41. Qh4 Kg7 42. Kh1 Be4 43. Qg3 Nh5 44. Nxh5+ Qxh5 45. Rf1 Bxg2+ 46. Qxg2 Re2 47. Qg3 Rbe6 48. Rdf4 Qd5+ 49. Kg1 Re7 50. R4f3 Qc5+ 51. Kh1 Qe5 52. Rf4 Re4 53. Rxe4 Qxg3 0-1